000 00353nam a2200145Ia 4500
008 230917s9999||||xx |||||||||||||| ||und||
040 _e63745
_aMAIN
041 _aEnglish
082 _a519.5 G643F
100 _aGun, A M
245 0 _aFundamentals of statistics, V2
260 _aCalcutta
_bWorld Press
_c1992
300 _axiv, 557 p.
942 _cBK
999 _c158522
_d158522